Expert evidence in the adversarial system of criminal justice

Guardado en:  
Detalles Bibliográficos
Autor principal: Mason, John K. 1919- (Autor)
Tipo de documento: Print Artículo
Lenguaje:Inglés
Publicado: 1986
En: Medicine, science and the law
Año: 1986, Volumen: 26, Número: 1, Páginas: 8-12
Verificar disponibilidad: HBZ Gateway
Palabras clave:

MARC

LEADER 00000caa a22000002c 4500
001 1629349534
003 DE-627
005 20230426082038.0
007 tu
008 120305s1986 xx ||||| 00| ||eng c
035 |a (DE-627)1629349534 
035 |a (DE-576)36035646X 
035 |a (DE-599)BSZ36035646X 
040 |a DE-627  |b ger  |c DE-627  |e rakwb 
041 |a eng 
100 1 |a Mason, John K.  |d 1919-  |0 (DE-588)124902421  |0 (DE-627)367512866  |0 (DE-576)162153937  |4 aut 
109 |a Mason, John K. 1919-  |a Mason, John K. F. 1919-  |a Mason, John Kenyon 1919-  |a Mason, John K.F. 1919-  |a Mason, John Ken 1919-  |a Mason, Ken 1919-  |a Mason, J. Ken 1919-  |a Mason, J. Kenyon 1919-  |a Mason, J. K. 1919-  |a Mason, J.K. 1919-  |a Kenyon Mason, John 1919- 
245 1 0 |a Expert evidence in the adversarial system of criminal justice  |c J. K. Mason 
264 1 |c 1986 
336 |a Text  |b txt  |2 rdacontent 
337 |a ohne Hilfsmittel zu benutzen  |b n  |2 rdamedia 
338 |a Band  |b nc  |2 rdacarrier 
773 0 8 |i In  |t Medicine, science and the law  |d London [u.a.] : Sage, 1961  |g 26(1986), 1, Seite 8-12  |w (DE-627)129886548  |w (DE-600)301137-9  |w (DE-576)015186504  |x 0025-8024  |7 nnas 
773 1 8 |g volume:26  |g year:1986  |g number:1  |g pages:8-12 
951 |a AR 
ELC |b 1 
LOK |0 000 xxxxxcx a22 zn 4500 
LOK |0 001 3277016099 
LOK |0 003 DE-627 
LOK |0 004 1629349534 
LOK |0 005 20260223082412 
LOK |0 008 120305||||||||||||||||ger||||||| 
LOK |0 040   |a DE-21-110  |c DE-627  |d DE-21-110 
LOK |0 689   |a s  |a Beweise 
LOK |0 689   |a s  |a Experten 
LOK |0 852   |z Kein Bestand am IfK; Nachweis für KrimDok 
LOK |0 852   |a DE-21-110 
LOK |0 852 1  |m v  |9 00 
LOK |0 935   |a K110 
LOK |0 938   |k v 
LOK |0 939   |a 05-03-12  |b l01 
ORI |a WA-MARC-krimdoka001.raw